000 01978nam1a2200337 i 4500
001 RU\NLR\BIBL_A\010664576
005 20260408203622.0
035 _a(NLR Aleph) 010664576
090 _a9580835
_c9580835
100 _a20140319g20129999k y0rusy50 ca
101 0 _arus
102 _aRU
105 _a z
200 1 _aПроблемы экспертизы, повышения и стабилизации потребительских свойств товаров
_eколлективная монография
_f[Голев И.М., д.т.н., проф., Гостева С.Р., к.ю.н., доц., Дерканосова Н.М., д.т.н., проф.]
_gпод общ. ред. засл. деят. науки РФ, д.т.н., проф. К.К. Полянского
210 _aВоронеж
_cНаучная книга
_d2012
215 _d21
300 _aАвт. указаны на с. 241-242
606 _aПродовольственная безопасность
_92358700
_3RU\NLR\AUTH\661408675
606 1 _aПищевые продукты
_xПроизводство
_xИнновационные технологии
_92515995
_3RU\NLR\AUTH\661491207
606 _aПищевые продукты
_xКачество
_xКонтроль
_3RU\NLR\AUTH\661544853
_92608295
686 1 _aУ5-982
686 1 _aЛ80
701 1 _aГолев
_bИ. М.
_gИгорь Михайлович
701 1 _aГостева
_bС. Р.
_gСнежана Руслановна
701 1 _aДерканосова
_bН. М.
_gНаталья Митрофановна
702 1 _aПолянский
_bК. К.
_gКонстантин Константинович
_4340
712 0 2 _4570
_aРоссийский государственный торгово-экономический университет
_bВоронежский филиал
_3RU\NLR\AUTH\8810058654
_9618535
852 _aNLR
_j2014-3/7728
942 _cBOOK